01008 2200337 4500001002100000005001500021035002000036007000300056008004100059040002200100082001400122084001600136090001800152100002800170245009900198250002800297300004600325650002100371850001200392264003300404336002100437337003000458338002300488440002700511710002600538710002600564990002000590990002000610990002000630990002000650INLIS00000000086970620220426102910 a0010-0422000349ta191114s2022 yoia b 1 ind d aYOPDYOGbinderda04223a398.2 a398.2 NIT i aK 398.2 NIT i0 aNita Anggraeniepenulis1 aI Gusti Gede Pasekan /cpenulis, Nita Anggraeni; penyunting, Tim Hikam ; ilustrator, Tim Hikam aCetakan I, Januari 2022 a35 halaman :bilustrasi berwarna ;c15 cm 4aDongeng--zSunda aYOPDYOG31aYogyakarta :bHi-Kids,c2022 2rdacontentateks 2rdamediaatanpa perantara 2rdacarrieravolume aDongeng Nusantara Bali aTim Hikamepenyunting aTim Hikameilustrator a43628-PD/B.2022 a43629-PD/B.2022 a43630-PD/B.2022 a43631-PD/B.2022